000 01633nam a2200361 c 4500
003 BLK
005 20230803005152.0
008 180408b bul|||||r ||||||| ||bul||
010 _aKNG00065423000
040 _aBLK
041 _aBUL
_cBUL
080 _aБългарска литература
_b821.163.2
_x(081.2)
_z821.163.2(081.2)
080 _aЛитература на отделни езици и езикови семейства
_b821
_x.09(100)
_z821.09(100)
080 _aБългарска литература
_b821.163.2
_x.09
_z821.163.2.09
100 _aЖечев, Тончо
_gТонев, Тончо Жечев
_eпърви автор
_9249780
139 _aЖечев, Тончо
_bЖ 46
245 1 0 _aИзбрани произведения
_bТ. 1 - За том: Есета
_cТончо Жечев.
_nТ. 1
_pМитът за Одисей
257 _aBGR
260 София
_bБълг. писател
_c1989
_fВ. Търново : печ. Д. Найденов
300 _c21 см
380 _aX
500 _aВ библиогр. каре означено Избрани произведевия.
650 4 _aЕсета
_9155020
650 4 _aЛитературна критика, българска
_9241943
653 _aесета
760 1 _aЖечев, Тончо
_d1989
_h375 с., 21 см
_nСъдържа и литературнокрит. очерци
_tТ. 1 Митът за Одисей
852 _aЦб 159456
856 4 _qpdf
_u
856 4 _qpdf
_u
942 _cKNG
_n0
_01
944 _aCR
_c13.06.2004
_k
_lCRON CRON
944 _aED
_c05.02.2013
_k
999 _c61229
_d61229